| 000 | 00833nam a2200205 a 4500 | ||
|---|---|---|---|
| 001 | BRCA_8833 | ||
| 005 | 20190320210429.0 | ||
| 008 | 050517c--------it-#######---#000-0#----# | ||
| 041 | _alat | ||
| 044 | _ait | ||
| 084 |
_aBE214 _b.H46 1785 |
||
| 100 | 1 |
_aHenno, Franz _922012 |
|
| 245 | 1 | 0 | _aRev. Patr. Fr. Francisci Henno Theologia dogm. moral. et scholast in gratiam & juvamen studios Juventutis franciscana F.F. Minor Recollectorum, Tomus octavus, Complectens tractatus de penitentia, ordine & matrimonio. |
| 260 |
_aVenetiis _bSumpt. Haeredis Nicolai Pezzana _c1785 |
||
| 300 |
_a636 p . (t.8) _c17.1 x 10.2 cm. |
||
| 500 | _aEstado físico: presenta encuadernación en pergamino con cintas rotas y algunas hojas manchadas | ||
| 650 | 1 | 4 |
_aTeología doctrinal _yObras anteriores a 1800 _922013 |
| 902 | _aCFM | ||
| 942 |
_2lcc _cB |
||
| 999 |
_c8484 _d8484 |
||